La Grèce pour les touristes... - Statistiques

Statistiques générales
  • Ce quiz a été pris 105 fois
  • Le résultat moyen est 13 sur 20
Statistiques - réponses
Question Indice Réponses % Correct
Le suffixe internet est gr
99%
Quelle est la langue officielle ? Grec
98%
Quelles sont les principales villes touristiques ? A Athènes
94%
Quelles autres langues sont répandues ? A Anglais
92%
La conduite se fait à droite ou à gauche ? Droite
92%
Dans la capitale y-a-t-il un décalage horaire avec Paris ? (oui/non) Oui
92%
Quelles autres langues sont répandues ? F Français
89%
Quelle est la monnaie ? Euro
88%
Achats à faire 2/ Bijoux en Or
85%
Quelles autres langues sont répandues ? A Allemand
77%
La vitesse sur autoroute est limitée à {130} km/h
76%
Le taux d'alcoolémie toléré au volant est de {0.5} g/l
67%
Quelles sont les principales villes touristiques ? R Rhodes
55%
Quelles sont les principales villes touristiques ? H Héraklion
48%
La religion majoritaire est O Orthodoxie
48%
Quelles sont les principales villes touristiques ? T Thessalonique
48%
Achats à faire 1/ Chaussures Sandales
34%
Quelles sont les principales villes touristiques ? C Corfou
27%
Achats à faire 3/ Porte-bonheur Oeil bleu
18%
On peut y visiter le parc national de M P Mont Parnasse
14%
Aucun quiz correspondant
Distribution des résultats
% des personnes avec chaque résultat
Percentile par nombre de réponses
Votre historique - résultats
Vous n’avez pas pris ce quiz